000 nam a22 7a 4500
999 _c233177
_d233177
003 Nust
005 20170303153745.0
008 170303b xxu||||| |||| 00| 0 eng d
040 _cDLC
082 _a 891.4393 TEG
245 _aکلمو ہی ناول
_c ٹیگور،رابندر ناتھ
260 _aLahore :
_c2010
300 _a253p. :
_c25cm
942 _2ddc
_cBK